00282nam a2200097Ia 4500008004100000100001900041245006800060260003200128300000600160650001800166191201s2003 xx 000 0 und d aO BERIN, Derek 0aDiscover with Derek A Knowledge Activity Book for 6-7 Year Olds aN.DelhibPuffin Booksc2003 a- aGeneral Books